Statystyki dla Autobusy Poznańskie - linia 148

Kliknij tutaj aby rozwiązać quiz!

Ogólne statystyki

  • Ten quiz został rozwiązany 7 razy
  • Średni wynik to 12 z 15

Statystyki odpowiedzi

NumerPrzystanek% Poprawnych
12Grodziska
100%
1Ławica
100%
13Polna Szpital
100%
15Rondo Kaponiera
100%
11Szpitalna
100%
14Szylinga
100%
3Os. Bajkowe
86%
5Brzechwy
71%
6Gałczyńskiego
71%
9Ognik
71%
10Swoboda
71%
2Malechowska
57%
8Rycerska
57%
7Świerzawska
57%
4Wieczorynki
57%

Rozkład punktacji

Percentyl według liczby udzielonych odpowiedzi

Procent ludzi z każdym wynikiem

Twoja historia wyników

Nie rozwiązałeś tego quizu